000 00510nam a22001817a 4500
003 UA-OsUOA
001 8012
007 ta
008 20040713b un ||||| |||| 00| 0 ukr d
100 _aРіцос Я.
942 _cSA
040 _aUA-OsUOA
_cUA-OsUOA
_dUA-OsUOA
245 _aДовга дорога була сьогодні : вірші
300 _aС.5
955 _a0
773 0 _w0
_tЛітературна Украіна
_dКиїв
_d2004
_g№25
650 7 _aХудожня література
_2UDC
999 _c294173
_d294173